| 000 | 01533cab a2200229 4500 | ||
|---|---|---|---|
| 001 | ##L132598 | ||
| 008 | 060221n2006 000 0 eng u | ||
| 035 | _a(Sirsi) u132598 | ||
| 041 | 0 | _aeng | |
| 100 | 1 | _aFox, Owen | |
| 245 | 0 | 0 | _aLiability of design under JCT contracts |
| 260 | _c2006 | ||
| 490 | 0 |
_aContract Journal _v(6562) 15 February 2006, 32(1) |
|
| 520 | _aConsiders the question of responsibility for design within the Employer's Requirements in JCT contracts. Prior to the decision in "Co-operative Insurance Society Ltd v Henry Boot Scotland Ltd" ([2002] EWHC 1270, ABS66316), it had been thought that cl 2.1.2 of JCT 98 set the employer's requirements and contractor's proposals as the starting point for the for the contractor's design responsibilities. In the above case, it was held that the contractor was responsible for ensuring that the whole of the design was undertaken with reasonable care and skill. Now JCT 05 places responsibility upon the employer, but provides that the contractor retains responsibility if the employer's requirements do not comply with statutory requirements. | ||
| 590 | _aIKA280206 | ||
| 650 | 2 | 4 | _aJCT STANDARD BUILDING CONTRACT (2005 EDITION) |
| 650 | 2 | 4 | _aCO-OPERATIVE INSURANCE SOCIETY LTD V HENRY BOOT SCOTLAND LTD AND OTHERS |
| 650 | 2 | 4 | _aJCT STANDARD FROM OF BUILDING CONTRACT (1998 EDITION) |
| 651 | 4 |
_aUnited Kingdom _y |
|
| 690 | _aBUILT ENVIRONMENT-BUILDING CONTRACT FORMS-STANDARD FORMS OF BUILDING CONTRACT-JOINT CONTRACTS TRIBUNAL CONTRACTS | ||
| 942 | _n0 | ||
| 999 |
_c76519 _d76519 |
||